| 000 | 00548cam a22001933 4500 | ||
|---|---|---|---|
| 999 |
_c330027 _d330027 |
||
| 001 | 14953319 | ||
| 003 | NUST | ||
| 005 | 20170613093655.0 | ||
| 008 | 070806s1958 xx 000 1 hinr | ||
| 010 | _atmp92007704 | ||
| 040 |
_aDLC _cDLC _dDLC |
||
| 050 | 0 | 0 |
_aPK2098.S2322 _bG3 |
| 082 |
_a891.4391 _bLUD |
||
| 100 | 0 |
_aSāḥir Ludhiyānvī, _d1921-1980. _91995 |
|
| 245 | 1 | 0 | _aNakam-e- mohabbat / |
| 260 |
_cLahore: _aAlhamd publications, _b2006 |
||
| 300 |
_a156 p. _c23 cm. |
||
| 650 |
_aUrdu Literature _9347 |
||
| 880 |
_aناکام محبت _6245-02\(3\r _cساحر لدھیانوی |
||
| 880 |
_aساحر لدھیانوی _6100-01\(3\r |
||
| 880 |
_aلاہور: _6260-03\(3\r _bالحمد پبلی کیشنز، _c2006. |
||
| 906 |
_a0 _bcbc _cpremver _du _encip _f19 _gy-gencatlg |
||
| 942 |
_2ddc _cBK |
||